| 000 | 00886nmm a2200277 a 4500 | ||
|---|---|---|---|
| 001 | ocm000984896 | ||
| 003 | TR-IsHL | ||
| 005 | 20201028153841.0 | ||
| 008 | 150709s2014 tu tur | ||
| 007 | cr cn | ||
| 020 | _a9786055831769 | ||
| 035 |
_a984896 _b(N$T) |
||
| 050 | 0 | 4 |
_aPT2616 _b.A819 2014 |
| 090 | 0 | 4 |
_aPT2616 _b.A819 2014 |
| 100 | 1 | _aHauptmann, Gerhart | |
| 245 | 1 | 0 |
_aAtlantis _h[electronic resource] / _cGerhart Hauptmann ; çeviren Onur Aydın |
| 260 |
_aİstanbul : _bAltın Bilek Yayınları, _c2014 |
||
| 300 | _a486 p. | ||
| 650 | 4 | _aDil ve Edebiyat | |
| 650 | 4 | _aLanguage and Literature | |
| 650 | 0 | _aAlman romanı | |
| 650 | 0 | _aGerman fiction | |
| 650 | 7 |
_aLITERARY COLLECTIONS / European / Scandinavian _2bisacsh |
|
| 700 | 1 | _aAydın, Onur | |
| 856 | 4 | 0 | _uhttp://search.ebscohost.com/login.aspx?direct=true&scope=site&db=e011xww&AN=984896 |
| 999 |
_c12266 _d12266 |
||